000 00506nam a2200157 4500
001 131089
003 ES-MaACL
007 t|
008 070214s1981 sp r ||||1| spa d
100 1 _aRoberts, Ronald J.
_997842
245 1 0 _aPatología de los peces /
_cRonald J. Roberts ; versión... de M. Carmen Blanco Cachafeiro.
260 _aMadrid :
_bMundi-Prensa,
_c1981.
300 _aXVIII, 366 p., 6 lám. :
_bil. ;
_c26 cm.
700 1 _aBlanco Cachafeiro, M. Carmen.
_929229
852 _aES-MaACL
_jL-59
999 _c131089
_d131089